000 00365nam a2200145Ia 4500
008 230917s9999||||xx |||||||||||||| ||und||
040 _e62831
_aMAIN
041 _aEnglish
082 _a380.5 G45F
100 _aGlaister, Stephen
245 0 _aFundamentals of transport economics
260 _aOxford
_bBasil Blackwell
_c1981
300 _axi, 193 p.
942 _cBK
999 _c57668
_d57668